000 00414nam a22001697a 4500
005 20180413123546.0
008 160622b xxu||||| |||| 00| 0 eng d
020 _a81-87567-79-1
041 _aeng
082 _b9229
_a346.07
100 _aSen, Arun Kumar and Mitra, Jitendra Kumar
_92513
245 _aCommercial Law
260 _bWorld Press
_c2008
300 _a884
650 _aManagement
_9241
942 _cBK
999 _c3573
_d3572